000 00328 a2200157 4500
001 186060
020 _a0-582-41686-8
040 _cMagnum
100 _aMikes, George
240 1 0 _aHow to be an Alien
_lING
245 1 0 _aHow to be an Alien
300 _a42
362 0 _a2001
697 _aLITERATURA INGLESA
942 _cBK
999 _c186060
_d186060